[Event "Copenhagen Challenge GM 2020"]
[Site "Ballerup"]
[Date "2020.07.24"]
[Round "4.3"]
[White "Olsen, Filip Boe"]
[Black "Thybo, Jesper Sondergaard"]
[Result "0-1"]
[WhiteElo "2353"]
[BlackElo "2590"]
[Annotator "TA"]
[PlyCount "108"]
[EventDate "2020.07.22"]
[EventType "tourn"]
[EventCountry "DEN"]
[SourceTitle "playchess.com"]
[Source "ChessBase"]
[SourceQuality "1"]

{[%evp 21,108,27,35,4,55,43,53,51,65,72,73,58,59,11,11,-47,50,14,14,14,14,14,14,14,14,11,11,11,14,14,13,0,0,0,38,41,42,45,43,36,74,12,255,108,194,188,194,190,216,222,210,183,185,125,319,319,305,150,306,284,300,307,308,283,283,297,283,18,20,9,33,0,90,13,223,-24,-24,-64,0,-233,-241,-231,-225,-380,-317,-1977,-1950,-29988,-29989]} 1. d4 Nf6 2. c4 e6 3. Nc3 Bb4 4. e3 O-O 5. Bd3 c5 6. Nf3 Nc6 7. O-O Bxc3 8. bxc3 d6 9. e4 e5 10. d5 Ne7 11. Ne1 Ng6 12. g3 {E41: Nimzo-Indian: Rubinstein: 4...c5 5 Bd3, including Hübner Variation.} Re8 $5 {[%mdl 4] Leaves trodden paths.} (12... Bh3 $11) 13. Ng2 Bh3 14. Rb1 {[#] White is slightly better.} Qd7 $146 ({Predecessor:} 14... b6 15. Qc2 Qd7 16. Bg5 Nf4 17. Nxf4 Bxf1 18. Rxf1 exf4 19. Bxf4 Ng4 20. Bc1 Ne5 {0-1 (37) Donaldson,T (2065)-Starley,R (2058) Torquay 2019}) 15. Bg5 Ng4 16. f3 h6 17. fxg4 {Hoping for Bc1.} (17. Bc1 {keeps more tension.} Nf6 18. Rf2 Rab8 19. Rfb2 Nh7 20. Bc2) 17... hxg5 18. Rf5 (18. Be2 $11) 18... Bxg2 (18... Ne7 $1 $15) 19. Kxg2 f6 20. Rf2 Reb8 21. Rfb2 Qc7 22. Rb5 Nf8 23. Qb3 {[%cal Rb5b7]} b6 24. Qd1 Nd7 25. R5b2 a6 26. Qf1 Rb7 27. a4 Rbb8 28. Qf5 Nf8 29. h4 gxh4 30. gxh4 Qd8 31. g5 (31. Be2 $16) 31... g6 $2 (31... fxg5 $1 $11 {and Black is okay.} 32. Qxg5 (32. hxg5 Ra7 $11) 32... Qe8) 32. Qg4 (32. Qxf6 $18 {and the rest is easy.} Qxf6 33. gxf6) 32... Qd7 (32... Ra7 $16) 33. Qxd7 $18 Nxd7 34. Be2 $1 f5 35. h5 Rf8 36. h6 (36. hxg6 $6 Kg7 $16) 36... a5 (36... Kh7 37. a5 $1 $16 {[%mdl 512]}) 37. Rf1 (37. Kg3 $1 $18) 37... Kh7 $2 (37... Rab8 $16) 38. Bd1 (38. exf5 gxf5 39. Bh5 Rab8 $16) 38... Kh8 (38... fxe4 39. Bg4 $18) 39. Rbf2 (39. exf5 $18 Rxf5 40. Bg4 (40. Rxf5 gxf5 41. Kg3 Kh7 $16) 40... Rxg5 41. Kh3 Rxg4 42. Kxg4) 39... fxe4 $2 (39... f4 $16 40. Bg4 Rfd8) 40. Rf7 Rxf7 41. Rxf7 {[%mdl 4096] Endgame KRB-KRN} Nf8 42. Rf6 Nh7 43. Rxg6 ({But not} 43. Rxd6 Rg8 $18) 43... Rf8 44. Bg4 $2 ({Don't do} 44. Rxd6 $6 Nxg5 45. Rg6 (45. Rxb6 e3 $11) 45... Nf3 $18) (44. Kg3 $18) 44... e3 $1 $11 45. Rg7 {next g6 is good for White.} Rf4 46. Bd1 e4 {[#]} (46... Rf2+ $1 $11 47. Kg3 Rf1) 47. Kg3 (47. Bh5 $1 $16) 47... Rf5 $2 {[#]} (47... Rf1 $1 $11 48. Bh5 Rh1) 48. g6 $2 (48. Re7 $1 $18) 48... Nf8 $1 49. Kg4 Rf2 ({Black should try} 49... Rf1 $1 $15 50. Be2 Re1) 50. Kg5 $2 (50. Re7 $1 $11 {and White stays safe.} Nxg6 51. Rxe4) 50... e2 $19 51. Bxe2 Rxe2 52. Kf6 $2 (52. Re7 {might work better.} Rg2+ 53. Kf6 Nxg6 54. Re8+ Kh7 55. Rxe4) 52... Rf2+ 53. Ke7 $2 (53. Kg5) 53... e3 54. Rf7 Nxg6+ {What a bad dream for White. Accuracy: White = 47%, Black = 57%.} 0-1

[Event "Copenhagen Challenge GM 2020"]
[Site "Ballerup"]
[Date "2020.07.24"]
[Round "4.4"]
[White "Haldorsen, Benjamin"]
[Black "Haubro, Martin"]
[Result "1/2-1/2"]
[WhiteElo "2458"]
[BlackElo "2437"]
[Annotator "TA"]
[PlyCount "92"]
[EventDate "2020.07.22"]
[EventType "tourn"]
[EventCountry "DEN"]
[SourceTitle "playchess.com"]
[Source "ChessBase"]
[SourceQuality "1"]

{[%evp 12,92,15,29,34,14,31,0,11,0,0,0,0,0,0,0,0,-6,6,0,0,0,3,5,0,-2,-2,-6,-1,0,0,0,6,3,9,12,21,19,23,21,35,19,22,17,20,0,31,20,20,20,23,0,0,0,0,0,0,0,0,0,0,0,0,0,0,0,0,0,0,0,0,0,0,0,0,0,0,0,0,0,0,0,0]} 1. c4 e6 2. g3 d5 3. Bg2 Nf6 4. Nf3 dxc4 5. Qa4+ Nbd7 6. Qxc4 c5 7. Qb3 Qc7 {A13: English Opening: 1...e6.} 8. O-O b6 {[#]} 9. Nc3 $146 {[#] aiming for Nb5.} ({Predecessor:} 9. d4 Bb7 10. Nc3 Nd5 11. Nb5 Qc8 12. e4 Nc7 13. Nc3 cxd4 14. Nxd4 Bc5 15. Be3 {1-0 (50) Romanishin,O (2580)-Kurajica,B (2510) Novi Sad 1982}) 9... Bb7 10. d3 a6 11. Bf4 Bd6 12. Bxd6 Qxd6 13. Rfd1 O-O 14. d4 Qc7 15. Rac1 Rac8 16. dxc5 Nxc5 17. Qa3 Qb8 18. b4 Ncd7 19. b5 axb5 20. Nxb5 Rxc1 21. Rxc1 Rc8 22. Rxc8+ Qxc8 23. Nd6 Qa8 24. Qxa8+ Bxa8 25. Ng5 Bxg2 26. Kxg2 $11 {[%mdl 4096] Endgame KNN-KNN} Kf8 $1 27. f4 Ke7 28. Nc8+ Ke8 29. Kf3 Nd5 30. e4 ({Don't play} 30. Nxh7 f6 $15) 30... Nc3 31. Nd6+ ({Much worse is} 31. Nxh7 f6 $15) 31... Ke7 {The position is equal.} 32. Ngxf7 e5 33. a3 Nb1 34. a4 Nc3 35. fxe5 Nxa4 36. Ke3 Nxe5 {[%mdl 64] [#] Remove Defender} 37. Nxe5 {Nb5 is the strong threat.} Kxd6 {KN-KN} 38. Kd4 Nb2 39. Nf3 Nd1 40. e5+ Ke7 41. Kd5 Ne3+ 42. Kc6 Ke6 43. Kxb6 Nc4+ 44. Kc5 Nxe5 45. Ng5+ Kf5 46. Nxh7 Nf3 {An uneventful encounter. Accuracy: White = 100%, Black = 97%.} 1/2-1/2

[Event "Copenhagen Challenge GM 2020"]
[Site "Ballerup"]
[Date "2020.07.24"]
[Round "4.5"]
[White "Rostgaard, Tobias Valentin"]
[Black "Jacobsen, Mikkel Manosri"]
[Result "0-1"]
[WhiteElo "2372"]
[BlackElo "2316"]
[Annotator "TA"]
[PlyCount "90"]
[EventDate "2020.07.22"]
[EventType "tourn"]
[EventCountry "DEN"]
[SourceTitle "playchess.com"]
[Source "ChessBase"]
[SourceQuality "1"]

{[%evp 11,90,0,18,0,5,-8,0,0,10,-29,3,0,8,11,51,44,47,21,22,3,11,-38,-36,-25,-27,-53,-47,-114,-102,-100,-119,-137,-114,-175,-177,-160,-168,-237,-235,-334,-337,-419,-434,-531,-515,-522,-505,-514,-468,-614,-615,-657,-647,-834,-829,-765,-544,-702,-694,-678,-685,-1239,-1190,-3107,-1426,-2729,-2565,-5506,-5506,-29976,-1089,-1952,0,-29962,-6724,-29990,-29991,-29991,-29990,-29990,-29987]} 1. d4 Nf6 2. Nf3 e6 3. c4 d5 4. e3 Be7 5. Nc3 O-O 6. b3 b6 7. Bd3 {7.Bd3 has lost popularity. D37: Queen's Gambit Declined: 5 Bf4.} Bb7 8. Qc2 c5 9. cxd5 {The position is equal.} exd5 {[#]} 10. Ne5 $146 ({Predecessor:} 10. O-O Nc6 11. a3 h6 12. Re1 cxd4 13. exd4 Bd6 14. h3 Rc8 15. Bf5 Rc7 16. b4 {0-1 (54) Ziegler,A (2300)-Sjodahl,P (2435) Tylosand 2019}) 10... Nc6 (10... Na6 {feels hotter.} 11. a3 Nc7 12. O-O Ne6 13. Ne2 Rc8) 11. Nxc6 $1 Bxc6 12. O-O h6 13. Bb2 Re8 14. Ne2 {[%cal Bc3e2,Be2g3,Bg3f5][%mdl 32]} Bd6 15. Ng3 Ng4 16. Bf5 Qh4 {[%csl Gg4][%cal Rh4h2]} 17. Bxg4 $1 Qxg4 $40 {[%mdl 128] Black attacks.} 18. Nf5 Bf8 19. f3 {Black converts the advantage convincingly.} (19. Ng3 $15) 19... Qg6 20. g4 Bd7 21. Rae1 Rac8 {aiming for ...cxd4.} 22. Qb1 (22. dxc5 $17 Bxc5 23. Nd4) 22... c4 $19 23. bxc4 dxc4 24. Bc3 (24. Bc1 {is a better defense.}) 24... b5 {[%cal Bb6b5,Bb5b4][%mdl 32]} 25. Re2 {[#]} (25. d5 $142) 25... b4 $1 {[%mdl 512]} 26. Be1 (26. Bxb4 Bxf5) 26... c3 27. Rg2 {[#]} Rxe3 $1 {[%mdl 512] Hoping for ...c2!} 28. Bg3 (28. Nxe3 Qxb1) 28... Bxf5 29. gxf5 Qh5 30. Qc2 Rxf3 31. Rxf3 Qxf3 32. Be5 Re8 {Strongly threatening ...Rxe5!} 33. Rg3 Qh5 {...f6! is the strong threat.} 34. Kf1 Kh8 35. f6 {[%cal Rf6g7]} g6 36. Rg2 Qf3+ 37. Rf2 Qh1+ 38. Ke2 Bd6 39. Qa4 Re6 40. Qd7 Qd5 (40... Bxe5 $142 41. Qxe6 Qe4+ 42. Kd1 Qd3+ 43. Ke1 fxe6 44. f7 Bd6 45. d5 Kg7 46. a3 Qb1+ 47. Ke2 c2 48. Rf1 {[#]} Qxf1+ $1 {[%mdl 576] Remove Defender, Promotion} 49. Kxf1 bxa3 50. dxe6 a2 51. Ke2 c1=Q 52. f8=R Bxf8 53. e7 a1=Q 54. exf8=B+ Kxf8 55. Kf3 Qf6+ 56. Kg2 Qcf1+ 57. Kg3 Qg5#) 41. Kf1 Qh1+ (41... Qc4+ $19 42. Kg1 Bxe5 43. dxe5 Rxe5) 42. Ke2 Bxe5 43. d5 Qe4+ {Black mates.} 44. Kf1 Rxf6 45. Qe8+ {[#]} Kg7 $1 {Accuracy: White = 36%, Black = 84%.} 0-1

[Event "Copenhagen Challenge GM 2020"]
[Site "Ballerup"]
[Date "2020.07.24"]
[Round "5.1"]
[White "Thybo, Jesper Sondergaard"]
[Black "Rostgaard, Tobias Valentin"]
[Result "1/2-1/2"]
[WhiteElo "2590"]
[BlackElo "2372"]
[Annotator "TA"]
[PlyCount "137"]
[EventDate "2020.07.22"]
[EventType "tourn"]
[EventCountry "DEN"]
[SourceTitle "playchess.com"]
[Source "ChessBase"]
[SourceQuality "1"]

{[%evp 13,137,24,47,42,51,43,100,92,95,85,146,130,114,128,132,49,67,22,31,18,9,-80,-14,-46,-20,-61,-50,-56,-42,-68,-64,-68,-20,-27,-42,-67,-75,-65,-61,-73,-70,-64,-64,-139,-135,-138,-158,-129,-94,-113,-81,-70,-79,-71,-47,-47,-47,-86,-107,-104,-27,-33,0,-7,0,0,0,0,0,-34,0,-46,0,0,0,0,0,0,0,0,0,0,0,0,0,0,0,0,0,0,0,0,0,0,0,0,0,0,0,0,0,0,0,0,0,0,0,0,0,0,0,0,0,0,0,0,0,0,0,0,0,0,0,0,0,0]} 1. c4 Nf6 2. Nc3 g6 3. e4 d6 4. d4 Bg7 5. h3 O-O 6. Be3 e5 7. d5 a5 8. g4 {E71: King's Indian: 4 e4 d6 5 h3.} Na6 9. Nge2 {[#]} Kh8 $146 (9... h5 $14) ({Predecessor:} 9... Nd7 10. Qd2 Ndc5 11. Ng3 c6 12. Be2 cxd5 13. exd5 f5 14. gxf5 Bxf5 15. Nxf5 gxf5 {½-½ (50) Grandelius,N (2691)-McShane,L (2688) Eskilstuna 2019}) 10. Ng3 $16 {White is better.} Ng8 11. Qd2 Nc5 (11... f5 $142 12. exf5 gxf5 13. Nxf5 Bxf5 14. gxf5 Ne7) 12. Be2 f5 13. exf5 gxf5 14. gxf5 (14. Nh5 $16) 14... Ne7 $1 $14 15. Bg5 (15. f6 $5 Bxf6 16. Bxc5 dxc5 17. Bg4 $14) 15... Bf6 16. Bxf6+ Rxf6 17. Nh5 (17. f4 $11) 17... Rf7 (17... Rxf5 $17 18. Rg1 Qf8) 18. f6 Ng8 19. Qg5 {[#] Intending Qg7+! and mate.} Nxf6 20. f4 $1 {[%cal Rf4e5]} e4 $1 21. O-O-O Bd7 22. Rdf1 Qe7 {White should prevent ...Rg8.} 23. Nxf6 Rxf6 24. Rhg1 Bxh3 25. Rf2 Bf5 26. Rfg2 {[#] Threatening mate with Qg8+!} Qf7 27. Nd1 Rg6 28. Qh5 ({White should play} 28. Qh4 $1 $15) 28... Rf8 $17 29. Qh4 Rxg2 30. Rxg2 Bg6 31. Rf2 {With the idea f5!} Qf6 (31... Qg7 {seems wilder.} 32. Ne3 Na4 33. Bf1 Qd4 34. Qh3 Bf5) 32. Qxf6+ Rxf6 33. Kd2 Bf7 34. Nc3 Rh6 35. Ke3 Rh3+ 36. Kd4 Bh5 (36... Bg6 $17) 37. Bf1 $1 $11 {[%cal Rf1h3]} Rf3 (37... Rg3 {with more complications.} 38. Nxe4 Nxe4 39. Kxe4 Kg7 40. Be2 Be8) 38. Rxf3 Bxf3 {[%mdl 4096] Endgame KBN-KBN} 39. Nb5 Na6 40. a3 Kg7 41. Nc3 Kf6 42. Bh3 h5 (42... Nc5 {keeps more tension.} 43. Nb5 Nd3 44. Nxc7 Nxf4 45. Bf1 Nh5) 43. Nxe4+ {The position is equal.} Bxe4 44. Kxe4 {KB-KN} Nc5+ 45. Kd4 a4 46. Ke3 Ke7 47. Kd4 Nb3+ 48. Ke3 Kf6 49. Bc8 Nc5 50. Bh3 h4 51. Bg4 Nb3 52. Bh3 Na5 53. Kd3 c5 54. Bg4 Nb3 55. Ke3 Nd4 (55... Na5 $5 56. Kd3 $8 Nb3 $11) 56. Bh3 Ke7 57. Bf1 Kf6 58. Ke4 Kg6 59. Bh3 Kh5 60. Bd7 b6 61. Ke3 Kg6 62. Kd3 Nf3 63. Ke2 Nd4+ 64. Kd3 Kf6 65. Ke4 Nb3 66. Ke3 ({Not} 66. Bxa4 $2 Nd2+ 67. Ke3 Nxc4+ 68. Kf2 h3 $19) 66... Nd4 67. Ke4 Nb3 68. Ke3 ({Don't blunder} 68. Bxa4 $2 Nd2+ 69. Ke3 Nxc4+ 70. Kf2 Nxb2 $19) 68... Nd4 69. Ke4 {Accuracy: White = 77%, Black = 79%.} 1/2-1/2

[Event "Copenhagen Challenge GM 2020"]
[Site "Ballerup"]
[Date "2020.07.24"]
[Round "5.2"]
[White "Haubro, Martin"]
[Black "Hector, Jonny"]
[Result "0-1"]
[WhiteElo "2437"]
[BlackElo "2476"]
[Annotator "ChessBase"]
[PlyCount "26"]
[EventDate "2020.07.22"]
[EventType "tourn"]
[EventCountry "DEN"]
[SourceTitle "playchess.com"]
[Source "ChessBase"]
[SourceQuality "1"]
[TimeControl "40/5400:0"]

1. e4 {[%emt 0:00:00]} e5 {[%emt 0:00:00]} 2. Nf3 {[%emt 0:00:00]} Nc6 {[%emt 0:00:00]} 3. Bb5 {[%emt 0:00:00]} a6 {[%emt 0:00:00]} 4. Ba4 {[%emt 0:00:00]} d6 {[%emt 0:00:00]} 5. c3 {[%emt 0:00:00]} f5 {[%emt 0:00:00]} 6. d4 {[%emt 0:00:00]} fxe4 {[%emt 0:02:05]} 7. Nxe5 {[%emt 0:01:41]} dxe5 {[%emt 0:04:02]} 8. Qh5+ {[%emt 0:01:50]} Ke7 {[%emt 0:05:54]} 9. Bxc6 {[%emt 0:00:00]} bxc6 {[%emt 0:04:21]} 10. Bg5+ {[%emt 0:00:00]} Nf6 {[%emt 0:00:00]} 11. dxe5 {[%emt 0:00:00]} Qd5 {[%emt 0:01:38]} 12. f4 {[%emt 0:25:51]} exf3 {[%emt 0:06:42]} 13. O-O {[%emt 0:00:00]} Ke6 {[%emt 0:03:59]} 0-1

[Event "Copenhagen Challenge GM 2020"]
[Site "Ballerup"]
[Date "2020.07.24"]
[Round "5.3"]
[White "Johansson, Linus"]
[Black "Grandelius, Nils"]
[Result "1/2-1/2"]
[WhiteElo "2476"]
[BlackElo "2651"]
[Annotator "TA"]
[PlyCount "125"]
[EventDate "2020.07.22"]
[EventType "tourn"]
[EventCountry "DEN"]
[SourceTitle "playchess.com"]
[Source "ChessBase"]
[SourceQuality "1"]

{[%evp 17,125,0,0,-25,-23,-27,-24,-27,-31,-22,-30,-33,-6,-6,-6,-10,-7,-12,0,-11,-5,-10,-8,-12,-12,-14,23,23,23,24,26,24,27,27,27,26,33,20,47,49,43,8,8,23,23,8,54,68,79,37,101,101,101,104,167,89,93,34,34,29,34,34,34,34,42,28,42,28,28,28,34,28,34,29,34,28,28,28,28,28,34,0,28,27,27,8,27,27,27,20,20,20,20,20,34,20,20,20,20,20,20,20,20,20,20,0,0,0,0,0]} 1. d4 d5 2. c4 e6 3. Nc3 c5 4. e3 Nf6 5. Nf3 a6 6. a4 Nc6 7. Bd3 dxc4 8. Bxc4 Be7 9. O-O O-O 10. Ne5 {D37: Queen's Gambit Declined: 5 Bf4.} cxd4 11. Nxc6 bxc6 12. exd4 {Black has an edge.} Bb7 {[#]} 13. Bf4 $146 ({Predecessor:} 13. Be3 Nd5 14. Nxd5 cxd5 15. Bd3 Bd6 16. b4 f5 17. Rb1 f4 18. Bd2 Qf6 19. Qf3 {0-1 (60) Menchik,V-Foltys,J Lodz 1938}) 13... c5 14. dxc5 Bxc5 15. Qxd8 Rfxd8 16. Rfd1 h6 17. h3 Kf8 18. Be2 Ke7 19. Be5 Rxd1+ 20. Rxd1 Rc8 21. Kf1 g5 22. Bxf6+ Kxf6 23. Rd7 $1 {[%cal Rd7b7]} Bc6 24. Bxa6 Ra8 25. Bb7 Bxd7 26. Bxa8 $11 {[%mdl 4096] [#] Endgame Hoping for Ne4+. KBB-KBN} Ke5 27. Bb7 Bd4 28. a5 Kd6 29. a6 Kc7 30. Ke2 Kb6 31. f3 f5 32. Kd3 Bf2 33. g4 Bb5+ (33... Bc5 $14) 34. Nxb5 $16 Kxb5 {KB-KB} 35. Bc8 Kb6 (35... fxg4 $16 36. fxg4 (36. hxg4 Ba7 $16) 36... Ba7) 36. Bxe6 (36. b3 $18) 36... fxg4 37. Bxg4 (37. fxg4 $16 {Black must now prevent Bc4.} Kxa6 38. Ke4) 37... Kxa6 $14 38. Kc4 Bg3 39. Bh5 Ka5 40. Bf7 Be5 41. b3 Bg3 42. Kd4 Kb4 43. Ke4 Be1 44. Kf5 Bf2 45. Kg4 Kc3 46. Kh5 Be3 47. Be6 Bd2 48. Kg4 Be1 49. Kh5 Bd2 50. h4 Kd4 51. Kg4 Ke5 52. Bc4 Kf6 53. h5 Ke5 54. Ba6 Be1 55. Bc8 Kf6 56. Kh3 Ke5 {The position is equal.} 57. Kg2 Kd4 58. Kf1 Ba5 59. Ke2 Bb4 60. Bg4 Ba5 61. Kd1 Bb4 62. Kc2 Bd6 63. Kd2 {Accuracy: White = 91%, Black = 85%.} 1/2-1/2

[Event "Copenhagen Challenge GM 2020"]
[Site "Ballerup"]
[Date "2020.07.24"]
[Round "5.4"]
[White "Jacobsen, Mikkel Manosri"]
[Black "Haldorsen, Benjamin"]
[Result "0-1"]
[WhiteElo "2316"]
[BlackElo "2458"]
[Annotator "RC"]
[PlyCount "92"]
[EventDate "2020.07.22"]
[EventType "tourn"]
[EventCountry "DEN"]
[SourceTitle "playchess.com"]
[Source "ChessBase"]
[SourceQuality "1"]
[TimeControl "40/5400:0"]

1. d4 {[%emt 0:00:00]} g6 {[%emt 0:00:00]} 2. c4 {[%emt 0:00:00]} Bg7 {[%emt 0:00:00]} 3. Nf3 {[%emt 0:00:00]} d6 {[%emt 0:00:00]} 4. e3 {[%emt 0:00:58]} Nf6 {[%emt 0:05:04]} 5. Be2 {[%emt 0:00:14]} O-O {[%emt 0:00:00]} 6. O-O {[%emt 0:00:00]} c5 {[%emt 0:01:18]} 7. b3 {[%emt 0:00:52]} Nc6 {[%emt 0:02:39]} 8. Bb2 {[%emt 0:00:00]} cxd4 {[%emt 0:06:56]} 9. Nxd4 {[%emt 0:03:53]} Bd7 {[%emt 0:00:55]} 10. Nc3 {[%emt 0:00:23]} Rc8 {[%emt 0:02:14]} 11. Bf3 {[%emt 0:02:17]} a6 {[%emt 0:05:14]} 12. Qd2 {[%emt 0:03:08]} Qb6 {[%emt 0:06:08]} 13. Na4 {[%emt 0:03:53]} Qa7 {[%emt 0:01:51]} 14. Nxc6 {[%emt 0:02:39]} Bxc6 {[%emt 0:00:23]} 15. Bd4 {[%emt 0:00:24]} Qb8 {[%emt 0:00:00]} 16. Nb6 {[%emt 0:02:35]} Rcd8 {[%emt 0:02:32]} 17. Nd5 {[%emt 0:03:00]} Bxd5 {[%emt 0:03:39]} 18. cxd5 {[%emt 0:00:00]} Nd7 {[%emt 0:03:34]} 19. Bxg7 {[%emt 0:01:34]} Kxg7 {[%emt 0:00:00]} 20. Qd4+ {[%emt 0:00:00]} Kg8 {[%emt 0:00:56]} 21. h4 {[%emt 0:02:00]} Rc8 {[%emt 0:02:54]} 22. Bg4 {[%emt 0:03:42]} f5 {[%emt 0:01:02]} 23. Be2 {[%emt 0:00:00]} Qc7 {[%emt 0:00:00]} 24. g3 {[%emt 0:05:46]} Qc3 {[%emt 0:04:41]} 25. Rfd1 {[%emt 0:01:22]} Qxd4 {[%emt 0:00:53]} 26. Rxd4 {[%emt 0:00:00]} Rc2 {[%emt 0:00:23]} 27. Kf1 {[%emt 0:00:45]} Rfc8 {[%emt 0:02:24]} 28. Ke1 {[%emt 0:05:11]} Nf6 {[%emt 0:00:55]} 29. Bf3 {[%emt 0:01:28]} Rb2 {[%emt 0:02:03]} 30. Rd2 {[%emt 0:00:00]} Rcc2 {[%emt 0:00:00]} 31. Rxc2 {[%emt 0:00:00]} Rxc2 {[%emt 0:00:00]} 32. a3 {[%emt 0:00:00]} Kf7 {[%emt 0:02:55]} 33. Rd1 {[%emt 0:02:24]} Ra2 {[%emt 0:02:48]} 34. a4 {[%emt 0:05:02]} Rb2 {[%emt 0:00:00]} 35. Rd3 {[%emt 0:00:00]} Nd7 {[%emt 0:01:08]} 36. Bd1 {[%emt 0:00:00]} Nc5 {[%emt 0:00:20]} 37. Rd2 {[%emt 0:00:00]} Rb1 {[%emt 0:00:19]} 38. Rd4 {[%emt 0:00:00]} a5 {[%emt 0:04:51]} 39. g4 {[%emt 0:00:57]} fxg4 {[%emt 0:02:15]} 40. Rxg4 {[%emt 0:00:09]} Nd3+ {[%emt 0:00:33]} 41. Ke2 {[%emt 1:30:13]} Rxd1 {[%emt 1:29:44]} 42. Rd4 {[%emt 0:00:00]} Nxf2 {[%emt 0:00:00]} 43. Rf4+ {[%emt 0:00:00]} Kg7 {[%emt 0:00:00]} 44. Kxf2 {[%emt 0:00:00]} Rxd5 {[%emt 0:00:00]} 45. Ke2 {[%emt 0:00:00]} b5 {[%emt 0:01:21]} 46. axb5 {[%emt 0:01:12]} Rxb5 {[%emt 0:00:00]} 0-1

[Event "Copenhagen Challenge GM 2020"]
[Site "Ballerup"]
[Date "2020.07.24"]
[Round "5.5"]
[White "Antonsen, Mikkel"]
[Black "Olsen, Filip Boe"]
[Result "1-0"]
[WhiteElo "2376"]
[BlackElo "2353"]
[Annotator "TA"]
[PlyCount "53"]
[EventDate "2020.07.22"]
[EventType "tourn"]
[EventCountry "DEN"]
[SourceTitle "playchess.com"]
[Source "ChessBase"]
[SourceQuality "1"]

{[%evp 24,53,57,56,61,21,104,110,101,107,107,107,107,108,164,84,87,72,151,135,463,481,468,472,474,479,479,458,448,445,779,779]} 1. c4 c6 2. d4 d5 3. Nf3 Nf6 4. e3 e6 5. Bd3 Nbd7 6. Nbd2 Bd6 7. O-O O-O 8. e4 dxe4 9. Nxe4 Nxe4 10. Bxe4 Nf6 11. Bc2 c5 12. Bg5 h6 13. Bh4 $1 cxd4 {D46: Semi-Slav: 5 e3 Nbd7 6 Bd3, Black avoids the Meran.} 14. Qxd4 {Strongly threatening Bxf6.} (14. Qd3 {feels hotter.} g5 15. Bg3 b5 16. cxb5 Bb7 17. Nxd4 Bxg3 18. fxg3 Be4 19. Qe3) 14... g5 (14... Be7 $1 $11) 15. Rad1 $16 {Nxg5 is the strong threat.} Bxh2+ {White is better.} 16. Kxh2 Qxd4 17. Rxd4 {Threatens to win with Bg3.} gxh4 18. Ne5 b6 {[#]} (18... Kg7 $16 {was called for.}) 19. Rfd1 ({White should play} 19. Rg1 $1 $18) 19... Bb7 20. Rxh4 {Black must now prevent Rd3.} Kg7 ({Black should try} 20... Rad8) 21. Rd3 $36 {[%mdl 2048] White has strong initiative.} Rh8 $2 {[%mdl 8192] Black cannot hold the game after this.} (21... h5 $16 {is a better chance.}) 22. Rg3+ $18 {White is clearly winning.} Kf8 {[#]} 23. Rf4 $1 {[%cal Rf4f6]} Ke7 24. Rg7 {[#]} Rhg8 $146 ({Predecessor:} 24... Raf8 25. Ng6+ {1-0 (25) Bielicki,C (2245)-Oro,L Buenos Aires 1977}) 25. Rxf7+ {[%mdl 64] Double Attack} Kd6 26. R4xf6 ({Not} 26. Rxb7 Kxe5 27. Rf3 Ng4+ 28. Kh3 h5 $16) 26... Kxe5 (26... Rxg2+ $142 27. Kh3 Kxe5 28. Rxb7 Rg1) 27. f4+ {Accuracy: White = 76%, Black = 45%.} 1-0

[Event "Copenhagen Challenge GM 2020"]
[Site "Ballerup"]
[Date "2020.07.25"]
[Round "6.1"]
[White "Rostgaard, Tobias Valentin"]
[Black "Antonsen, Mikkel"]
[Result "0-1"]
[WhiteElo "2372"]
[BlackElo "2376"]
[Annotator "TA"]
[PlyCount "76"]
[EventDate "2020.07.22"]
[EventType "tourn"]
[EventCountry "DEN"]
[SourceTitle "playchess.com"]
[Source "ChessBase"]
[SourceQuality "1"]

{[%evp 10,76,0,-29,0,-27,-7,-45,-58,-53,-27,-66,-68,-61,-64,-67,-54,-78,-81,-129,-68,-92,-100,-121,-110,-157,-168,-179,-108,-83,-66,-65,-55,-77,-55,-95,-85,-79,-68,-127,-126,-193,-199,-256,-283,-281,-275,-364,-429,-418,-386,-465,-468,-476,-454,-463,-257,-397,-216,-518,-364,-629,-635,-643,-637,-639,-612,-1394,-1345]} 1. Nf3 d5 2. g3 g6 3. Bg2 Bg7 4. O-O Nf6 5. d3 O-O 6. Nc3 d4 {6...Nc6 is a critical line. A07: Réti Opening: New York and Capablanca Systems.} 7. Nb5 Nc6 8. c4 e5 {Black is slightly better.} 9. Na3 {[#]} e4 $146 ({Predecessor:} 9... Re8 10. Bg5 h6 11. Bxf6 Qxf6 12. Nc2 Bf5 13. Nd2 Qe7 14. a3 a5 15. b3 Rad8 {½-½ (57) Velimirovic,D (2500)-Drasko,M (2460) Sarajevo 1985}) 10. dxe4 Nxe4 11. Ne1 Re8 $36 {[%mdl 2048] Black has good play.} 12. Nd3 Bf5 13. Bf4 g5 14. Bc1 h6 (14... Qe7 $1 $17 15. g4 Bg6) 15. Re1 Qe7 16. Nc2 Rad8 17. f3 Nc5 18. b3 Nxd3 (18... Qf6 $1 $19 {Threatens to win with ...Rxe2!} 19. Bf1 (19. Nxc5 $2 Bxc2 20. Qxc2 d3 $19) 19... Qg6) 19. exd3 $17 Qd6 20. f4 Qg6 21. Bf1 gxf4 22. Bxf4 {[#] Black keeps a firm grip on the game.} Ne5 $1 {[%cal Re5d3]} 23. Bxe5 Bxe5 24. Qf3 {[#]} (24. Kh1 $15) 24... h5 $1 25. Rad1 (25. Kh1 $17) 25... Bg4 $19 26. Qxb7 (26. Qg2 $142) 26... Bxd1 27. Rxd1 h4 $1 28. Rd2 Bf4 ({Resist} 28... hxg3 29. hxg3 Re6 30. Rh2 $19) 29. Rg2 h3 30. gxf4 hxg2 31. Qxg2 Qxg2+ 32. Kxg2 f5 (32... c5 $142 33. b4 cxb4) 33. Kf2 (33. b4 {might work better.}) 33... Kf7 (33... c5 $142 34. Be2 Kg7) 34. Ne1 $2 (34. b4) 34... Kf6 35. Nf3 $2 (35. b4) 35... c5 {Black is clearly winning.} 36. h3 a5 {[%cal Ba7a5,Ba5a4][%mdl 32]} 37. Bg2 Re3 38. Bf1 {[#]} a4 $1 {Accuracy: White = 34%, Black = 67%.} 0-1